000
00294nam a2200121Ia 4500
005
20251222144656.0
008
251222s9999||||xx |||||||||||||| ||spa||
082
_a
301.445/B65
100
_a
Bodin, Louis
245
0
_a
Los Intelectuales
264
_b
Universitaria de Buenos Aires
942
_c
LIB
999
_c
17244
_d
17244